000 00402nam a2200181Ia 4500
008 240510s9999 xx 000 0 und d
020 _a0009559170341
041 _asih
082 _a891.483
082 _bA51
100 _aAMARASEKARA, Gunadasa
245 0 _aGamdorin Eliyata
260 _bColombo:Visidunu Publishers
260 _c2005
300 _a167 p.
942 _2ddc
942 _cLBK
999 _c28591
_d28591
945 _a1
_bMadushi Gamage
_c1
_dMadushi Gamage